Sarah McMurray Lyrics - Sirens - Statistics

General Stats
  • This quiz has been taken 3 times
  • The average score is 129 of 275
Answer Stats
Lyrics % Correct
the
100%
and
67%
And
67%
but
67%
But
67%
can
67%
can't
67%
cant
67%
he
67%
how
67%
I
67%
is
67%
like
67%
mind
67%
my
67%
No
67%
not
67%
of
67%
sirens
67%
so
67%
stop
67%
that
67%
there's
67%
There's
67%
they
67%
They
67%
think
67%
this
67%
this,
67%
This
67%
to
67%
want
67%
what
67%
when
67%
When
67%
you
67%
all
33%
are
33%
at
33%
'Cause
33%
down
33%
exactly
33%
focus
33%
foot
33%
forget
33%
funny
33%
get
33%
goin'
33%
going
33%
guitar,
33%
guitar
33%
hall
33%
head
33%
he's
33%
He's
33%
him
33%
in
33%
listen
33%
(Listen)
33%
lost
33%
me
33%
mine
33%
never
33%
off
33%
Oh,
33%
our
33%
play
33%
see
33%
silence
33%
six
33%
smart
33%
tall
33%
they're
33%
They're
33%
tryin'
33%
walk
33%
why
33%
you're
33%
brown
0%
colour
0%
cup
0%
easily
0%
else
0%
even
0%
exists
0%
eyes
0%
fall
0%
his
0%
hope
0%
I'm
0%
lock
0%
looks
0%
nothing
0%
perfect
0%
persistent
0%
plays
0%
scared
0%
smiling
0%
sure
0%
tea
0%
voices
0%
with
0%
words
0%
No matching quizzes found
Score Distribution
Percent of People with Each Score
Percentile by Number Answered
Your Score History
You have not taken this quiz